Macbeth / (Record no. 53904)

MARC details
000 -LEADER
fixed length control field 00405nam a2200157Ia 4500
005 - DATE AND TIME OF LATEST TRANSACTION
control field 20260430133751.0
008 - FIXED-LENGTH DATA ELEMENTS--GENERAL INFORMATION
fixed length control field 260429s9999||||xx |||||||||||||| ||und||
020 ## - INTERNATIONAL STANDARD BOOK NUMBER
International Standard Book Number 8175811099
082 ## - DEWEY DECIMAL CLASSIFICATION NUMBER
Classification number 822.33
Item number PAU
100 ## - MAIN ENTRY--PERSONAL NAME
Personal name Paul, Rajinder
245 #0 - TITLE STATEMENT
Title Macbeth /
Statement of responsibility, etc Rajinder Paul
250 ## - EDITION STATEMENT
Edition statement 16th ed.
260 ## - PUBLICATION, DISTRIBUTION, ETC. (IMPRINT)
Place of publication, distribution, etc New Delhi :
Name of publisher, distributor, etc Rama Brothers India Pvt. Ltd.,
Date of publication, distribution, etc 2006.
300 ## - PHYSICAL DESCRIPTION
Extent 355 p.; pbk
942 ## - ADDED ENTRY ELEMENTS (KOHA)
Koha item type Text Books
Holdings
Withdrawn status Lost status Damaged status Not for loan Home library Location Shelving location Date of Cataloging Source of acquisition Total Checkouts Full call number Barcode Date last seen Price effective from Koha item type
        CUTN Central Library CUTN Central Library Literature 30/04/2026 Gratis   822.33 PAU 55892 30/04/2026 30/04/2026 Text Books